Palomita blanca

Salvato in:
Dettagli Bibliografici
Autore principale: Lafourcade Valdenegro, Enrique (autor)
Natura: Libro
Lingua:spagnolo
Pubblicazione: Santiago Zig-Zag 1991
Serie:Clásicos escolares selectos Zig-Zag
Soggetti:
Tags: Aggiungi Tag
Nessun Tag, puoi essere il primo ad aggiungerne!!

MARC

LEADER 00000nam a2200000 a 4500
001 UCX4162
003 CL-VaPUC
008 920319e19910000CL |||||||||||||||||spa|d
082 0 4 |a Ch863  |b LAF  |2 21 
100 |a Lafourcade Valdenegro, Enrique  |e autor  |9 543407 
245 1 0 |a Palomita blanca 
300 |a 159 p 
942 |c BK 
945 |d 19920319 00:00:00 
260 |a Santiago  |b Zig-Zag  |c 1991 
650 0 |a Novelas chilenas   |9 265425 
583 |a last modification  |c 19920319 00:00:00  |k Rodrigo Vera 
490 0 |a Clásicos escolares selectos Zig-Zag 
999 |c 224712  |d 224710 
952 |0 0  |1 0  |4 0  |6 CH_863_000000000000000_LAF_1991  |7 0  |8 A  |9 221590  |a BIBEDU  |b BIBEDU  |d 2019-11-15  |i 2903938  |o Ch863 LAF 1991  |p 2903938  |r 2019-11-15  |w 2019-11-15  |y BK  |k LIT